000 00631cam a2200205 4500500
005 20260329003245.0
041 _afre
042 _adc
100 1 0 _aLacroix, Alexandre
_eauthor
245 0 0 _aOù avez-vous la tête? Condition de l’homme dispersé
260 _c2015.
500 _a55
690 _aattention
690 _aConcentration
690 _aDéconcentration
690 _aDispersion
690 _aYves Citton
786 0 _nPhilosophie magazine | 88 | 4 | 2015-04-01 | p. 28-28 | 1951-1787
856 4 1 _uhttps://shs.cairn.info/magazine-philosophie-magazine-2015-4-page-28?lang=fr&redirect-ssocas=7080
999 _c1822853
_d1822853